000 00736nam a2200229 a 4500
001 BRL_605
005 20190320210823.0
008 100913s1978----gw-ab#####---#000-0#ger-#
020 _a3499142740
041 _ager
044 _agw
050 4 _aF2230.1.E84
_b.I52 1978
245 1 0 _aDie indianische Verweigerung
_bLateinamerikas Ureinwohner zwischen Ausrottung und Selbstbestimmung
_cMark Münzel (Hg.)
260 _aHamburgo
_bRowohlt Taschenbuch Verlag
_c1978
300 _a235 p.
_bil., mapas
_c19 p.
500 _aAu679
650 1 4 _aIndígenas de Sudamérica
_xIdentidad étnica
_924413
650 1 4 _aIndígenas de Sudamérica
_xCondiciones sociales
_924414
700 1 _aMünzel, Mark
_924415
902 _aGRL
942 _2lcc
_cB
999 _c9417
_d9417